Statistics for P!nk - All Pink Songs Ever Released

Click here to take the quiz!

General Stats

  • This quiz has been taken 234 times
  • The average score is 33 of 163

Answer Stats

P!nk Songs% Correct
Try
84%
Funhouse
82%
Beautiful Trauma
77%
So What
77%
Just Give Me A Reason (with Nate Ruess)
66%
Just Like A Pill
62%
Fucking Perfect
61%
What About Us
60%
Get The Party Started
59%
Who Knew
59%
Raise Your Glass
58%
Hurts 2B Human (with Khalid)
55%
Sober
55%
Walk Me Home
55%
Stupid Girls
53%
Blow Me (One Last Kiss)
51%
Family Portrait
51%
I'm Not Dead
51%
True Love (with Lily Allen)
49%
The Truth About Love
48%
Dear Mr. President (with Indigo Girls)
47%
M!ssundaztood
47%
U + Ur Hand
46%
Just Like Fire (from Alice Through The Looking Glass)
45%
Please Don't Leave Me
45%
Can't Take Me Home
42%
Trouble
42%
Glitter In The Air
41%
God Is A DJ
35%
Slut Like You
30%
You Make Me Sick
30%
Barbies
29%
Revenge (with Eminem)
29%
Run
28%
Secrets
28%
Are We All We Are
27%
Bad Influence
27%
I Don't Believe You
27%
There You Go
27%
Leave Me Alone (I'm Lonely)
26%
Walk Of Shame
26%
Wild Hearts Can't Be Broken
25%
90 Days (with Wrabel)
24%
A Million Dreams (from The Greatest Showman)
24%
Hustle
24%
I Am Here
24%
Whatever You Want
24%
Can We Pretend (with Cash Cash)
23%
You And Me
23%
18 Wheeler
22%
Happy
22%
Ave Mary A
20%
Better Life
20%
'Cuz I Can
20%
Here Comes The Weekend (with Eminem)
20%
Love Me Anyway (with Chris Stapleton)
20%
Mean
20%
My Attic
20%
For Now
19%
How Come You're Not Here
19%
Nobody Knows
19%
The Great Escape
19%
Courage
18%
Dear Diary
18%
Long Way To Happy
18%
My Vietnam
18%
Last To Know
17%
Misery (with Steven Tyler)
17%
Numb - Dallas Mix / LP version
17%
Where We Go
17%
Feel Good Time (with William Orbit)
16%
Fingers
16%
Runaway
16%
Split Personality
16%
But We Lost It
15%
Circle Game
15%
Conversations With My 13 Year Old Self
15%
It's All Your Fault
15%
Respect (with Scratch)
15%
You Get My Love
14%
Hell Wit Ya
13%
(Hey Why) Miss You Sometime
13%
Hooker
13%
I Have Seen The Rain
13%
Let Me Let You Know
13%
Lonely Girl (with Linda Perry)
13%
Love Song
13%
Oh My God (with Peaches)
13%
Private Show
13%
Stop Falling
13%
The Last Song Of Your Life
13%
Waterfall (with Stargate and Sia)
13%
We Could Have It All
13%
Catch 22
12%
Centerfold
12%
Good Old Days
12%
Hiccup
12%
My Signature Move
12%
One Foot Wrong
12%
Tonight's The Night
12%
Unwind
12%
Eventually
11%
I Got Money Now
11%
Love Is Such A Crazy Thing
11%
Save My Life
11%
Walk Away
11%
Where Did The Beat Go?
11%
Catch Me While I'm Sleeping
10%
Gone To California
10%
Heartbreak Down
10%
Humble Neighborhoods
10%
Is This Thing On?
10%
The One That Got Away
10%
Today's The Day (Ellen show's intro)
10%
Try Too Hard
10%
Is It Love
9%
Waiting For Love
9%
Why Did I Ever Like You
9%
Do What U Do
8%
This Is How It Goes Down
8%
Timebomb
8%
Could've Had Everything
7%
Whataya Want From Me
7%
Crystall Ball
6%
The King Is Dead But The Queen Is Alive
6%
Break The Cycle
5%
Capsized
5%
Don't Let Them Get Me
5%
Gently
5%
Love Gone Wrong
5%
No Ordinary Love
5%
Open Door
5%
Boring
4%
Chaos & Piss
4%
From A Closet In Norway (Oslo Blues)
4%
Second Guess
4%
Unbeliever
4%
Won't Back Down (with Eminem)
4%
Heartbreaker
3%
More
3%
Push You Away
3%
Setting The World On Fire (with Kenny Chesney)
3%
White Rabbit
3%
Disconnected
2%
Guns And Roses (with T.I.)
2%
Lady Marmolade (with Christina Aguilera, Lil Kim and Mya)
2%
When We're Through
2%
Crash & Burn
1%
Halfway Gone (from Served Like A Girl)
1%
Need Me (with Eminem)
1%
Tell Me Something Good (from Happy Feet)
1%
Words (Tom Lord-Alge Alt Version)
1%
Beam My Up
0%
BEAUTIFUL TRAUMA (2017)
0%
CAN'T TAKE ME HOME (2000)
0%
FUNHOUSE (2008)
0%
HURTS 2B HUMAN (2019)
0%
I'M NOT DEAD (2007)
0%
M!SSUNDAZTOOD (2001)
0%
OTHER SONGS
0%
ROSE AVE. (YOU+ME ALBUM) (2014)
0%
THE TRUTH ABOUT LOVE (2012)
0%
TRY THIS (2003)
0%

Score Distribution

Percentile by Number Answered

Percent of People with Each Score

Your Score History

You have not taken this quiz